Statistiques concernant Culture générale #10

Cliquez ici pour prendre le quiz!

Statistiques générales

  • Ce quiz a été pris 409 fois
  • Le résultat moyen est 7 sur 15

Statistiques - réponses

Hint Answer % Correct
Quel mouche provoque la maladie du sommeil?tsé tsé
89%
Dans quel ville se trouve le théatre Bolchoï?Moscou
87%
Quel petit pays se trouve entre la Chine et l'Inde?bhoutan
62%
En quelle année une attaque terroriste eu lieu pendant les Jeux Olympiques?1972
58%
De quel arbre provient le liège?chêne
57%
Avant l'euro, quel était la devise de l'Espagne?peseta
53%
Qui Elliot Ness a t'il arrêté pour fraude fiscale?al capone
47%
Quelle année à vue l'entrée en service du TGV?1981
46%
"Le sacre de Napoléon" est un tableau de quel peintre?david
40%
Qui chante la chanson "Knockin' on heaven's door"?bob dylan
34%
Quel est le prénom de Picsou?Balthazar
33%
Comment s'appelle l'écureuil de Spirou?spip
31%
Sous quel nom est plus connu André Robert Raimbourg?bourvil
25%
Qui a écrit le roman "Dracula"?bram stoker
21%
Qui est le Chevalier de la charette?lancelot
19%

Distribution des résultats

Percentile par nombre de réponses

% des personnes avec chaque résultat

Votre développement - résultats

Vous n’avez pas pris ce quiz